Statistics for Germany Squad FIFA World Cup 1986 Football / Soccer

Click here to take the quiz!

General Stats

  • This quiz has been taken 188 times
  • The average score is 11 of 23

Answer Stats

No.PositionNameClub (then)% Correct
9FWRudi VöllerWerder Bremen
83%
1GKToni Schumacher1.FC Köln
83%
8MDLothar MatthäusBayern München
78%
-CoachFranz Beckenbauer---
77%
3DFAndreas Brehme1.FC Kaiserslautern
75%
11FWKarl-Heinz RummeniggeInter Mailand
75%
7MDPierre Littbarski1.FC Köln
65%
15DFKlaus AugenthalerBayern München
59%
2DFHans-Peter BriegelHellas Verona
54%
10MDFelix MagathHamburger SV
53%
14DFThomas BertholdEintracht Frankfurt
45%
19FWKlaus Allofs1.FC Köln
44%
4DFKarlheinz FörsterVfB Stuttgart
43%
12GKUli SteinHamburger SV
43%
20FWDieter HoeneßBayern München
41%
16MDOlaf ThonFC Schalke 04
39%
22GKEike ImmelBorussia Dortmund
36%
17DFDitmar JakobsHamburger SV
35%
6MDNorbert EderBayern München
30%
5DFMatthias HergetBayer 05 Uerdingen
26%
18MDUwe RahnBorussia Mönchengladbach
25%
13MDKarl AllgöwerVfB Stuttgart
19%
21MDWolfgang RolffHamburger SV
16%

Score Distribution

Percentile by Number Answered

Percent of People with Each Score

Your Score History

You have not taken this quiz